00561 2200205 4500001002100000005001500021035002000036007000300056008004100059020001800100082001000118084001600128100002300144245008800167250001100255260003600266300003300302990000900335990001100344INLIS00000000000891120210531103057 a0010-0521000204ta210531 g 0 ind  a9786028453240 a746.5 a746.5 IND s0 aINDIRA, ira dhyani1 aSulam Pita Melayu :bLengkapi dengan pola & mudah dipraktikkan /cIra Dhyani Indira aCet. 1 aJakarta :bKriya Pustaka,c2011 avi, 72 hlm :b.ilus ;c23 cm a3563 a3563 A